000
00285nam a2200109Ia 4500
008
230907s9999||||xx |||||||||||||| ||und||
082
_a
621.381540288
_b
TOM
100
_a
Tomal, Daniel R.,
_9
103832
245
0
_a
Electronic troubleshooting /
300
_a
xxii, 458 pages :
942
_c
BK
999
_c
600949
_d
600949